00455nam a22001457a 4500020001700000082001200017100003000029245004200059260003500101300000800136650002300144942000700167952011800174999001700292 a81-7214233-1 a230 BAL aBalasundaram, Franklyn J. aContemporary Asian Christian Theology aBangalorebUTC and ISPCKc2009 a217 aTheology-Christian cBK 00104070aHMIbHMIcGENd2017-08-24eOm Books Foundationg175.00l0o230 BALp25349r2017-08-31w2017-08-31yBK c20594d20594